00916pab a2200157 454500008004000000100002200040245008200062260000900144300001400153362000800167520046300175650001600638650003000654650002300684773005100707180718b2011 xxu||||| |||| 00| 0 eng d aBabera, Walter F. aAdministrative law and discursive democracy: Toward a comparative perspective c2011 ap.97-103. aJan aThis article argues that the recent history of the development of administrative law reveals the need for new mechanisms of legitimation. As administrative law seeks new ways to address its "democratic deficit," there is an opportunity to adapt techniques of discursive democracy to the creation of regulatory policy within bureaucratic agencies. The dynamics of this process are discussed in both the U. S. and Italian administrative contexts. - Reproduced. aRule making aAdministrative discretion aAdministrative law aInternational Journal of Public Administration